Matemática digital (Record no. 20757)

MARC details
000 -LEADER
campo de control de longitud fija 01032cac a2200289 a 4500
003 - IDENTIFICADOR DE NÚMERO DE CONTROL
campo de control Co-PeBPM
005 - FECHA Y HORA DE LA ÚLTIMA TRANSACCIÓN
campo de control 20250725193310.0
008 - DATOS DE LONGITUD FIJA--INFORMACIÓN GENERAL
campo de control de longitud fija 231129e1999||||ck adk||||||||||| ||spa||
020 ## - NÚMERO INTERNACIONAL ESTÁNDAR DEL LIBRO
Número Internacional Estándar del Libro 9586008215
040 ## - FUENTE DE CATALOGACIÓN
Centro catalogador/agencia de origen Co-PeBPM
Lengua de catalogación spa
Centro/agencia transcriptor Co-PeBPM
Normas de descripción rda
041 ## - CÓDIGO DE IDIOMA
Código de lengua del texto/banda sonora o título independiente spa
082 04 - NÚMERO DE LA CLASIFICACIÓN DECIMAL DEWEY
Número de clasificación 511.3 B242m
Número de edición 22
100 10 - ENTRADA PRINCIPAL--NOMBRE DE PERSONA
Nombre de persona Barco Gomez, Carlos
Término indicativo de función/relación autor
245 10 - MENCIÓN DEL TÍTULO
Título Matemática digital
Mención de responsabilidad, etc. / Carlos Barco Gómez, Germán Barco Gómez, William Aristizábal Botero, revisión técnica Iván Castro Chadid.
260 ## - PUBLICACIÓN, DISTRIBUCIÓN, ETC.
Lugar de publicación, distribución, etc. Bogotá, Colombia
Nombre del editor, distribuidor, etc. : McGraw-Hill
Fecha de publicación, distribución, etc. , 1999
300 ## - DESCRIPCIÓN FÍSICA
Extensión 189 páginas
Dimensiones ; 23 centímetros
500 ## - NOTA GENERAL
Nota general Incluye índice.
504 ## - NOTA DE BIBLIOGRAFÍA, ETC.
Nota de bibliografía, etc. Incluye bibliografía.
650 14 - PUNTO DE ACCESO ADICIONAL DE MATERIA--TÉRMINO DE MATERIA
Término de materia o nombre geográfico como elemento de entrada Matemática (Digital)
Fuente del encabezamiento o término LEMB
650 14 - PUNTO DE ACCESO ADICIONAL DE MATERIA--TÉRMINO DE MATERIA
Término de materia o nombre geográfico como elemento de entrada Matemática Booleana
Fuente del encabezamiento o término LEMB
650 14 - PUNTO DE ACCESO ADICIONAL DE MATERIA--TÉRMINO DE MATERIA
Término de materia o nombre geográfico como elemento de entrada Matemática Para Computador
Fuente del encabezamiento o término LEMB
650 14 - PUNTO DE ACCESO ADICIONAL DE MATERIA--TÉRMINO DE MATERIA
Fuente del encabezamiento o término LEMB
700 ## - ENTRADA AGREGADA--NOMBRE PERSONAL
Nombre de persona Barco Gómez, Germán
Término indicativo de función/relación Coautor
700 ## - ENTRADA AGREGADA--NOMBRE PERSONAL
Nombre de persona Aristizábal Botero, William
Término indicativo de función/relación Coautor
700 ## - ENTRADA AGREGADA--NOMBRE PERSONAL
Nombre de persona Castro Chadid, Iván
Término indicativo de función/relación Revisión técnica
942 ## - ELEMENTOS DE ENTRADA SECUNDARIOS (KOHA)
Fuente del sistema de clasificación o colocación Clasificación Decimal Dewey
Tipo de ítem Koha Libros
Holdings
Estatus retirado Estado de pérdida Fuente del sistema de clasificación o colocación Estado de daño No para préstamo Colección Biblioteca de origen Biblioteca actual Ubicación en estantería Fecha de adquisición Total de préstamos Signatura topográfica completa Código de barras Visto por última vez Fecha del último préstamo Copia número Precio de reemplazo Tipo de ítem Koha
    Clasificación Decimal Dewey     General BIBLIOTECA PÚBLICA MUNICIPAL RAMON CORREA MEJIA BIBLIOTECA PÚBLICA MUNICIPAL RAMON CORREA MEJIA Colección general 09/07/2009 1 511.3 B242m 12945 15/11/2025 01/11/2025 Ej.1 29/11/2023 Libros
    Clasificación Decimal Dewey     General BIBLIOTECA PÚBLICA MUNICIPAL RAMON CORREA MEJIA BIBLIOTECA PÚBLICA MUNICIPAL RAMON CORREA MEJIA Colección general 09/07/2009   511.3 B242m 12946 29/11/2023   Ej.2 29/11/2023 Libros

Powered by Koha